000 00686nam a2200217 i 4500
001 74686
003 ES-MaACL
005 20230906172220.0
007 t|
008 040920s1954 sp ||||1| spa d
100 1 _aGonzález-Ruano, César,
_d1903-1965
_958936
245 1 0 _aVida, pensamiento y aventura de Miguel de Unamuno /
_cCésar González-Ruano.
250 _a2ª ed.
260 _aMadrid :
_b[s.n.],
_c1954 (
_fEstades Artes Gráficas)
300 _a186 p. ;
_c17 cm.
490 1 _aEl grifón ;
_v10
600 1 4 _aUnamuno, Miguel de,
_d1864-1936-
_xBiografías
_9172375
830 1 _aEl grifón ;
_v10
_9181273
852 _aES-MaACL
_jC-6947
999 _c74686
_d74686